000 00503nam a2200157 4500
001 122788
003 ES-MaACL
005 20230906192037.0
007 t|
008 070214s1965 sp r ||||1| spa d
245 0 0 _aProducción comercial de tomates /
_cF. W. Toowey... [et al.] ; traducido por el Dr. Jaime Esaín Escobar.
260 _aZaragoza :
_bAcribia,
_c1965.
300 _a184 p., 8 lám. :
_bil. ;
_c19 cm.
700 0 _aEsaín Escobar, Jaime.
_947449
852 _aES-MaACL
_jF-7285
_bR.56722
999 _c122788
_d122788